[Event "XXV Miedzynarodowy Turniej im. Tadeusza "]
[Site "Police"]
[Date "2010.07.15"]
[Round "9.3"]
[White "Tomczak, Jacek"]
[Black "Grabarczyk, Miroslaw"]
[Result "1-0"]
[WhiteElo "2509"]
[BlackElo "2456"]
[PlyCount "97"]
[EventDate "2010.??.??"]

1. e4 e5 2. Nf3 Nf6 3. d4 exd4 4. e5 Ne4 5. Qxd4 d5 6. exd6 Nxd6 7. Nc3 Nc6 8.
Qf4 Nf5 9. Qe4+ Qe7 10. Bf4 Qxe4+ 11. Nxe4 Nd6 12. Nxd6+ Bxd6 13. Bxd6 cxd6 14.
O-O-O Ke7 15. Bc4 Be6 16. Rhe1 h6 17. Nd4 Nxd4 18. Rxd4 Kd7 19. Bb5+ Kc7 20. f4
g6 21. g4 a6 22. Bd3 Rae8 23. f5 gxf5 24. gxf5 Bd7 25. Rc4+ Kd8 26. Rf1 Re5 27.
Kd2 Rg8 28. Rh4 Rh8 29. Rb4 Bc6 30. Bxa6 Kc7 31. Bd3 Rg8 32. Rf2 Kd7 33. Rh4
Rh8 34. Rff4 Ke7 35. Rh5 Kf6 36. Rd4 Rd5 37. Rdh4 Kg7 38. c4 Re5 39. Rd4 Rd8
40. Rg4+ Kf6 41. Rxh6+ Ke7 42. h4 d5 43. c5 d4 44. f6+ Ke6 45. Bc4+ Bd5 46.
Rxd4 Rd7 47. Rxd5 Rdxd5+ 48. Kc3 Re4 49. Rh8 1-0

[Event "XXV Miedzynarodowy Turniej im. Tadeusza "]
[Site "Police"]
[Date "2010.07.15"]
[Round "9.4"]
[White "Tokarczyk, Tomasz"]
[Black "Ivanov, Mikhail M"]
[Result "0-1"]
[WhiteElo "2162"]
[BlackElo "2486"]
[PlyCount "96"]
[EventDate "2010.??.??"]

1. d4 Nf6 2. Nf3 g6 3. g3 Bg7 4. Bg2 O-O 5. c4 d6 6. Nc3 Nbd7 7. O-O e5 8. e4
c6 9. h3 Re8 10. Re1 a5 11. Be3 exd4 12. Nxd4 Nc5 13. Qc2 a4 14. Rad1 Nfd7 15.
f4 Qa5 16. Bf2 Qb4 17. a3 Qa5 18. Kh2 Nb6 19. Na2 Bf8 20. Bf1 Bd7 21. Nf3 Rad8
22. Bd4 Bc8 23. Bc3 Qa7 24. Bf6 Rd7 25. Nc3 Rc7 26. Qf2 Nbd7 27. Bd4 Qa5 28. e5
dxe5 29. Nxe5 Nxe5 30. Rxe5 Rxe5 31. Bxe5 Rd7 32. Rxd7 Bxd7 33. Qd4 Be6 34. Qe3
h5 35. Bd4 Nb3 36. Bb6 Qf5 37. Nxa4 Qc2+ 38. Qf2 Nd2 39. Kg1 Bf5 40. Nc3 Qxb2
41. Bd4 Qc1 42. Qg2 Bxh3 43. Qxh3 Nf3+ 44. Kf2 Nxd4 45. Ne4 Qc2+ 46. Ke3 Nf5+
47. Kf3 Qd1+ 48. Kf2 Qd4+ 0-1

[Event "XXV Miedzynarodowy Turniej im. Tadeusza "]
[Site "Police"]
[Date "2010.07.15"]
[Round "9.5"]
[White "Koziak, Vitali"]
[Black "Urban, Klaudiusz"]
[Result "1-0"]
[WhiteElo "2470"]
[BlackElo "2478"]
[PlyCount "77"]
[EventDate "2010.??.??"]

1. e4 c6 2. d4 d5 3. Nc3 dxe4 4. Nxe4 Nd7 5. Ng5 Ngf6 6. Bd3 g6 7. N1f3 Bg7 8.
Qe2 O-O 9. O-O h6 10. Nxf7 Rxf7 11. Bxg6 Rf8 12. c4 Ne8 13. Re1 Ndf6 14. h3 Nd6
15. Bf4 Nd5 16. Bxh6 Bxh6 17. cxd5 cxd5 18. Rad1 e6 19. Ne5 b6 20. Rd3 Nf5 21.
Bxf5 Rxf5 22. Rg3+ Rg5 23. Qh5 Kh7 24. Qxh6+ Kxh6 25. Nf7+ Kg6 26. Nxd8 Rxg3
27. fxg3 Kf6 28. Rf1+ Ke7 29. Nc6+ Kd6 30. Ne5 Ba6 31. Rc1 Bb5 32. Kf2 Rf8+ 33.
Ke3 Rf5 34. Nf3 Rf8 35. g4 a5 36. h4 a4 37. h5 Bc4 38. a3 b5 39. h6 1-0

[Event "XXV Miedzynarodowy Turniej im. Tadeusza "]
[Site "Police"]
[Date "2010.07.15"]
[Round "9.6"]
[White "Hnydiuk, Aleksander"]
[Black "Krysztofiak, Marcin"]
[Result "0-1"]
[WhiteElo "2445"]
[BlackElo "2436"]
[PlyCount "64"]
[EventDate "2010.??.??"]

1. e4 d6 2. d4 g6 3. Nc3 Bg7 4. f4 Nf6 5. Nf3 O-O 6. Bd3 Nc6 7. e5 dxe5 8. fxe5
Nh5 9. Be3 f6 10. exf6 Nxf6 11. Qd2 Ng4 12. O-O-O Kh8 13. Be4 Nxe3 14. Qxe3 Bg4
15. Rhe1 Bxf3 16. Bxf3 Qd6 17. Nb5 Qd8 18. c3 a6 19. Na3 Qd6 20. h3 Rae8 21.
Nc4 Qf6 22. Ne5 Qh4 23. Kb1 Nxe5 24. dxe5 b6 25. Rd4 Qg3 26. Rg4 Qh2 27. g3 Rd8
28. Kc1 Rxf3 29. Qxf3 Qd2+ 30. Kb1 Qxe1+ 31. Kc2 Qd2+ 32. Kb3 Qd5+ 0-1

[Event "XXV Miedzynarodowy Turniej im. Tadeusza "]
[Site "Police"]
[Date "2010.07.15"]
[Round "9.7"]
[White "Bieluszewski, Piotr"]
[Black "Manik, Mikulas"]
[Result "1/2-1/2"]
[WhiteElo "2173"]
[BlackElo "2441"]
[PlyCount "85"]
[EventDate "2010.??.??"]

1. e4 c5 2. Nf3 Nc6 3. d4 cxd4 4. Nxd4 Nf6 5. Nc3 d6 6. Bg5 e6 7. Qd2 a6 8.
O-O-O Bd7 9. f4 b5 10. Nxc6 Bxc6 11. e5 dxe5 12. Qxd8+ Rxd8 13. fxe5 Rxd1+ 14.
Nxd1 Nd7 15. Bf4 g5 16. Bxg5 Rg8 17. Bf4 Bg7 18. a4 Bxe5 19. Bxe5 Nxe5 20. axb5
axb5 21. b3 Rg6 22. Nc3 Ke7 23. h3 Bxg2 24. Bxg2 Rxg2 25. Nxb5 Nc6 26. Kb2 f5
27. Kc3 e5 28. b4 f4 29. h4 f3 30. Nc7 Kd6 31. Ne8+ Ke7 32. Nc7 Re2 33. Rf1 e4
34. b5 Na5 35. Nd5+ Kd6 36. Nf4 Rh2 37. Kd4 Rxc2 38. Kxe4 Rc4+ 39. Kxf3 Rc5 40.
Rd1+ Kc7 41. Nd5+ Kd6 42. Nb4+ Ke7 43. Nd5+ 1/2-1/2

[Event "XXV Miedzynarodowy Turniej im. Tadeusza "]
[Site "Police"]
[Date "2010.07.15"]
[Round "9.8"]
[White "Sopur, Lech"]
[Black "Maes, Wim"]
[Result "1-0"]
[WhiteElo "2419"]
[BlackElo "2232"]
[PlyCount "59"]
[EventDate "2010.??.??"]

1. d4 Nf6 2. c4 g6 3. Nc3 Bg7 4. e4 d6 5. Be2 O-O 6. Be3 e5 7. d5 a5 8. g4 Na6
9. h4 Nc5 10. f3 c6 11. Qd2 cxd5 12. cxd5 a4 13. Nh3 Qa5 14. Nb5 Qb6 15. Rc1
Nfd7 16. Bc4 Nb8 17. Ng5 Bd7 18. Na3 Nba6 19. h5 Qb4 20. hxg6 Qxd2+ 21. Kxd2
hxg6 22. Nh7 Rfc8 23. Bg5 f5 24. gxf5 gxf5 25. Bf6 Bf8 26. Ng5 Bg7 27. Rcg1
Bxf6 28. Ne6+ Kf7 29. Rh7+ Ke8 30. Rg8# 1-0

[Event "XXV Miedzynarodowy Turniej im. Tadeusza "]
[Site "Police"]
[Date "2010.07.15"]
[Round "9.9"]
[White "Okon, Dariusz"]
[Black "Nguyen, Piotr"]
[Result "0-1"]
[WhiteElo "2192"]
[BlackElo "2372"]
[PlyCount "78"]
[EventDate "2010.??.??"]

1. d4 e6 2. c4 b6 3. e4 Bb7 4. Bd3 Nc6 5. Nf3 Nb4 6. O-O Ne7 7. Bg5 h6 8. Bh4
Nxd3 9. Qxd3 d6 10. Nc3 Qd7 11. d5 e5 12. b4 g5 13. Bg3 a5 14. c5 bxc5 15. bxc5
Ba6 16. c6 Bxd3 17. cxd7+ Kd8 18. Rfd1 Ba6 19. Nd2 Kxd7 20. Nb3 Bc4 21. Nd2 Bd3
22. Rac1 h5 23. f3 Bh6 24. Nb3 Bc4 25. Na4 Bxb3 26. axb3 g4 27. Rc3 f5 28. Bf2
gxf3 29. gxf3 Rhg8+ 30. Kh1 Rab8 31. Bh4 Ng6 32. Be1 Rb5 33. Nb2 Rgb8 34. Nc4
Rxb3 35. Nxa5 Rb1 36. Rcd3 Nf4 37. R3d2 Nh3 38. Rd3 Rg8 39. Bh4 Rg1+ 0-1

[Event "XXV Miedzynarodowy Turniej im. Tadeusza "]
[Site "Police"]
[Date "2010.07.15"]
[Round "9.10"]
[White "Aglave, Arnaud"]
[Black "Przedmojski, Rafal"]
[Result "0-1"]
[WhiteElo "2086"]
[BlackElo "2390"]
[PlyCount "56"]
[EventDate "2010.??.??"]

1. c4 e6 2. g3 d5 3. Bg2 c5 4. Nf3 Nc6 5. O-O dxc4 6. Na3 Nf6 7. Nxc4 Be7 8. d3
O-O 9. Be3 Nd5 10. Qd2 Nxe3 11. Qxe3 f6 12. Rfc1 e5 13. a4 Be6 14. Nfd2 Qd7 15.
Nb3 Rac8 16. a5 Nb4 17. Qd2 Rfd8 18. f4 exf4 19. Qxf4 Bd5 20. Bxd5+ Qxd5 21.
Nbd2 Nc6 22. Nf3 Qe6 23. Re1 g6 24. Ra3 Nb4 25. Qd2 Rd7 26. Qe3 Qf7 27. Rc1 Bf8
28. Rac3 Nd5 0-1

[Event "XXV Miedzynarodowy Turniej im. Tadeusza "]
[Site "Police"]
[Date "2010.07.15"]
[Round "9.11"]
[White "Korbal, Arkadiusz"]
[Black "Kula, Robert"]
[Result "0-1"]
[WhiteElo "2016"]
[BlackElo "2368"]
[PlyCount "78"]
[EventDate "2010.??.??"]

1. d4 d5 2. c4 c6 3. Nf3 e6 4. Nc3 Nf6 5. Bg5 dxc4 6. e4 b5 7. e5 h6 8. Bh4 g5
9. Nxg5 hxg5 10. Bxg5 Nbd7 11. exf6 Bb7 12. g3 Qb6 13. Bg2 O-O-O 14. Qf3 Qxd4
15. O-O Ne5 16. Qe4 Bc5 17. a4 Qxe4 18. Nxe4 Bd4 19. axb5 cxb5 20. Bf4 Nd3 21.
Nd6+ Rxd6 22. Bxd6 a6 23. b3 Bxg2 24. Kxg2 Bxa1 25. Rxa1 cxb3 26. Rb1 b2 27.
Ba3 Kc7 28. h4 a5 29. Bxb2 Nxb2 30. Rxb2 b4 31. Kf3 Kb6 32. Ke4 Kb5 33. Rd2 b3
34. Rd7 Kc6 35. Rd1 b2 36. Rb1 Rb8 37. h5 a4 38. h6 a3 39. h7 Rh8 0-1

[Event "XXV Miedzynarodowy Turniej im. Tadeusza "]
[Site "Police"]
[Date "2010.07.15"]
[Round "9.12"]
[White "Buczak, Krzysztof"]
[Black "Jacek, Krystian"]
[Result "0-1"]
[WhiteElo "2153"]
[BlackElo "2055"]
[PlyCount "72"]
[EventDate "2010.??.??"]

1. e4 c5 2. Nc3 Nc6 3. f4 g6 4. Nf3 Bg7 5. Bb5 Nd4 6. Bd3 d6 7. Nxd4 cxd4 8.
Ne2 e5 9. Bc4 Qh4+ 10. g3 Qh3 11. Ng1 Qg2 12. Qf3 Bh3 13. Be2 Qxf3 14. Bxf3 Bd7
15. Ne2 Rc8 16. Kd1 Ne7 17. d3 O-O 18. g4 Bc6 19. f5 d5 20. Ng3 dxe4 21. Bxe4
Bxe4 22. dxe4 Nc6 23. Bd2 Rfd8 24. Rf1 Rd6 25. Rf3 Nb8 26. Rb3 Rc7 27. Rd3 Nd7
28. h3 Nc5 29. Ra3 b6 30. Rc1 h5 31. Bb4 h4 32. Bxc5 bxc5 33. Ne2 Bh6 34. Rb1
gxf5 35. gxf5 c4 36. Ke1 Be3 0-1

[Event "XXV Miedzynarodowy Turniej im. Tadeusza "]
[Site "Police"]
[Date "2010.07.15"]
[Round "9.14"]
[White "Pawlicz, Adam"]
[Black "Jacek, Roksana"]
[Result "1/2-1/2"]
[WhiteElo "2039"]
[BlackElo "1702"]
[PlyCount "45"]
[EventDate "2010.??.??"]

1. e4 e5 2. Nf3 Nc6 3. Bb5 a6 4. Bxc6 dxc6 5. d4 exd4 6. Qxd4 Qxd4 7. Nxd4 c5
8. Ne2 Bd7 9. Bf4 O-O-O 10. Nbc3 Bc6 11. O-O f6 12. Rad1 Bd6 13. Bxd6 Rxd6 14.
Rxd6 cxd6 15. Rd1 Kc7 16. Nf4 Kd7 17. Nd3 c4 18. Nb4 Ne7 19. Nbd5 Bxd5 20. Nxd5
Nxd5 21. Rxd5 Re8 22. f3 Re5 23. Kf2 1/2-1/2

[Event "XXV Miedzynarodowy Turniej im. Tadeusza "]
[Site "Police"]
[Date "2010.07.15"]
[Round "9.16"]
[White "Oleniak, Wlodzimierz"]
[Black "Radwan, Leszek"]
[Result "0-1"]
[WhiteElo "1848"]
[BlackElo "2138"]
[PlyCount "106"]
[EventDate "2010.??.??"]

1. d4 Nf6 2. c4 g6 3. Nc3 Bg7 4. Nf3 O-O 5. Bg5 h6 6. Bxf6 Bxf6 7. e4 d6 8. Be2
c6 9. O-O Nd7 10. Qd2 Bg7 11. Rad1 Qc7 12. Nh4 e5 13. d5 c5 14. g3 a6 15. b3
Nf6 16. Rb1 Bd7 17. f3 Qa5 18. a4 Qc7 19. Rb2 a5 20. Nb5 Bxb5 21. cxb5 Rae8 22.
Ng2 b6 23. Rc2 Qe7 24. Ne3 Kh7 25. Nc4 Qd8 26. g4 Ng8 27. Bd3 Ne7 28. Qg2 Nc8
29. Kh1 Bf6 30. f4 exf4 31. Rxf4 Be5 32. Rf3 Qg5 33. Rcf2 Kg7 34. Qf1 f6 35.
Nxe5 Rxe5 36. Rg2 Ree8 37. Qf2 Ne7 38. h4 Qe5 39. Qf1 Ng8 40. Bc2 Qd4 41. h5 g5
42. Rgf2 Re7 43. Qd3 Qxd3 44. Bxd3 Rfe8 45. Kg2 Re5 46. Re2 Ne7 47. Kf2 f5 48.
gxf5 Ng8 49. Kg3 Nf6 50. Rh2 Nxe4+ 51. Bxe4 Rxe4 52. Rd2 Kf6 53. Rdd3 R8e5 0-1

[Event "XXV Miedzynarodowy Turniej im. Tadeusza "]
[Site "Police"]
[Date "2010.07.15"]
[Round "9.17"]
[White "Maliszewski, Jaroslaw"]
[Black "Maniocha, Andrzej"]
[Result "0-1"]
[WhiteElo "1871"]
[BlackElo "2211"]
[PlyCount "40"]
[EventDate "2010.??.??"]

1. c4 e5 2. Nc3 f5 3. Nf3 d6 4. d4 e4 5. Bg5 Nf6 6. Nd2 h6 7. Bxf6 Qxf6 8. Nd5
Qf7 9. e3 c6 10. Nf4 Nd7 11. Be2 Nf6 12. O-O Be7 13. f3 g5 14. Nh3 exf3 15.
gxf3 f4 16. Kg2 fxe3 17. Ne4 Bxh3+ 18. Kxh3 Nh5 19. Rc1 Nf4+ 20. Kg3 Qh5 0-1

[Event "XXV Miedzynarodowy Turniej im. Tadeusza "]
[Site "Police"]
[Date "2010.07.15"]
[Round "9.18"]
[White "Leszner, Liliana"]
[Black "Metelski, Jerzy"]
[Result "1-0"]
[WhiteElo "2137"]
[BlackElo "1824"]
[PlyCount "39"]
[EventDate "2010.??.??"]

1. e4 c5 2. Nc3 a6 3. g3 g6 4. Bg2 Bg7 5. d3 Nc6 6. Be3 d6 7. Qd2 e6 8. Nf3 Qc7
9. O-O Nge7 10. Bh6 O-O 11. Bxg7 Kxg7 12. Ne2 b5 13. d4 cxd4 14. Nfxd4 Bb7 15.
Rad1 Rfd8 16. h4 Rac8 17. c3 Ne5 18. h5 d5 19. h6+ Kg8 20. Qg5 1-0